Ελαστικότητα ζήτησης : θεωρία και μετρήσεις : πτυχιακή εργασία
Αποθηκεύτηκε σε:
| Κύριος συγγραφέας: | |
|---|---|
| Συγγραφή απο Οργανισμό/Αρχή: | |
| Άλλοι συγγραφείς: | |
| Μορφή: | Thesis Βιβλίο |
| Γλώσσα: | Greek |
| Δημοσίευση: |
2012
|
| Θέματα: | |
| Διαθέσιμο Online: | http://hdl.handle.net/11610/6947 |
| Ετικέτες: |
Προσθήκη ετικέτας
Δεν υπάρχουν, Καταχωρήστε ετικέτα πρώτοι!
|
MARC
| LEADER | 00000cam a2200000 i 4500 | ||
|---|---|---|---|
| 001 | 1/43908 | ||
| 008 | 140307s2012 gre d | ||
| 035 | |l 10117025 | ||
| 040 | |a GR-MY-UA |b gre |e aacr | ||
| 041 | 0 | |a gre | |
| 082 | 0 | |a 338.521 |2 (23) | |
| 100 | 1 | |a Τσαγρής, Δημήτρης. | |
| 245 | 1 | 0 | |a Ελαστικότητα ζήτησης : |b θεωρία και μετρήσεις : πτυχιακή εργασία / |c σπουδαστής: Τσαγρής Δημήτρης ; εισηγητής: Γκότσιας Απόστολος |
| 260 | |c 2012 | ||
| 300 | |a 45 σ.; |b πίν., διαγρ.; |c 30 εκ. | ||
| 502 | |a Πτυχιακή εργασία – Πανεπιστήμιο Αιγαίου, Χίος, 2012. | ||
| 504 | |a Περιλαμβάνει βιβλιογραφία | ||
| 650 | 0 | 0 | |a Demand (Economic theory) |
| 650 | 0 | 0 | |a Supply and demand. |
| 650 | 0 | 0 | |a Labor market. |
| 650 | 0 | 0 | |a Dissertations, Academic |z Greece. |
| 700 | 1 | |a Γκότσιας, Απόστολος. |4 ths | |
| 710 | 1 | |a Πανεπιστήμιο Αιγαίου |b Σχολή Επιστημών της Διοίκησης |b Τμήμα Διοίκησης Επιχειρήσεων - Τ.Δ.Ε. | |
| 852 | |a INST |b CHIOS |c DIATR |e 20140307 |h 338.521 ΤΣΑ |p 005200034937 |q 005200034937 |t DIE |y 23 | ||
| 852 | |a INST |b CHIOS |c DIATR |e 20140307 |h 338.521 ΤΣΑ |p 005200034938 |q 005200034938 |t DIE |y 23 | ||
| 856 | |u http://hdl.handle.net/11610/6947 | ||
| 901 | |a BIBL2-2014-1 | ||
| 909 | |a Χ |b 176028 | ||
| 909 | |a Χ |b 176029 | ||
| 924 | |a Τσαγρής |b Δημήτρης |y Χίος |z 2013-03 | ||
| 970 | |a Παροικάκη |b Βασιλική |z 2014/03/07 | ||